00917nam a2200217 i 4500001000300000100003200003245020900035260003400244300002800278504001400306650003600320650005400356655003000410710005300440020001500493040000800508041000800516080003600524008004100560856009800601bg1 aFRANCUZ, Władysława Maria10aDydaktyka w nowej szkole zawodowej :bprzewodnik metodyczny dla słuchaczy studiów pedagogicznych w szkołach wyższych /cWładysława Maria Francuz ; Politechnika Krakowska im. Tadeusza Kościuszki. aKraków :bWydaw. PK,c2002. a154 s. :bil. ;c24 cm. aBibliogr. 9aSzkolnictwo zawodowexnauczanie 9aSzkolnictwo zawodowexreformazPolskayod 1989 r. aPodręczniki akademickie 0aPolitechnika Krakowska im. Tadeusza Kościuszki a837242215X cBPK0 apol a377.014.3(438)"1989/..."(075.8) s pl f |000 0 pol  uhttp://koha.tu.koszalin.pl/cgi-bin/koha/opac-detail.pl?biblionumber=42673yKatalog online BPK